| 000 | 00752nam a2200277Ia 4500 | ||
|---|---|---|---|
| 008 | 170711s9999 xx 000 0 und d | ||
| 020 | _a9781857883626 | ||
| 050 | _a658.8 | ||
| 050 | _bB335 2006 | ||
| 100 | _aBattelle, John | ||
| 245 | 4 | _aThe search : | |
| 245 | _bhow google and its rivals rewrote the rules of business and transformed our culture / | ||
| 245 | _cby John Battelle. | ||
| 250 | _aFirst edition | ||
| 260 | _aUnited Kingdom : | ||
| 260 | _bNicholas Brealey, | ||
| 260 | _c2006 | ||
| 300 | _a327 pages : | ||
| 300 | _billustrations ; | ||
| 500 | _aIncludes index. | ||
| 650 | _aGoogle (Firm). | ||
| 650 | _aInternet industry -- | ||
| 650 | _aWeb search engines. | ||
| 650 | _xUnited States. | ||
| 700 | _aTitle. | ||
| 999 |
_c339586 _d339586 |
||